[Event "ROM-chT Rapid"]
[Site "Sebes"]
[Date "2023.12.02"]
[Round "4.20"]
[White "Popescu Vava, Luca Delian"]
[Black "Vasile, Matei"]
[Result "0-1"]
[WhiteElo "1199"]
[BlackElo "1714"]
[PlyCount "112"]
[EventDate "2023.12.02"]
[EventType "team-swiss (rapid)"]
[EventRounds "8"]
[EventCountry "ROU"]
[SourceTitle "CB49_2023"]
[SourceDate "2023.12.06"]
[SourceVersion "1"]
[SourceVersionDate "2023.12.06"]
[SourceQuality "1"]
[WhiteTeam "Craiova"]
[BlackTeam "Bucharest CSU"]
[WhiteTeamCountry "ROU"]
[BlackTeamCountry "ROU"]

1. d4 d5 2. c4 e6 3. Nf3 Nf6 4. Nc3 a6 5. cxd5 exd5 6. Bg5 Be7 7. e3 h6 8. Bh4 Be6 9. Bd3 0-0 10. 0-0 c6 11. Rc1 Re8 12. Qb3 Bc8 13. Na4 b5 14. Nc5 Ne4 15. Bxe7 Qxe7 16. Rc2 Nxc5 17. Rxc5 Bb7 18. Bf5 Nd7 19. Bxd7 Qxd7 20. Ne5 Qd6 21. Rfc1 Rac8 22. Nd3 Qg6 23. R5c3 Rc7 24. Nc5 Bc8 25. Qd1 a5 26. Kh1 Bf5 27. Nb3 a4 28. Nc5 b4 29. e4 bxc3 30. exf5 Qxf5 31. Rxc3 Rce7 32. Re3 Qxf2 33. Rxe7 Rxe7 34. Nd3 Qe2 35. Qxe2 Rxe2 36. h3 Rd2 37. Nb4 Rxb2 38. Nxc6 Rxa2 39. Nb4 Ra1+ 40. Kh2 Rd1 41. Nxd5 Rxd4 42. Nc3 a3 43. Nb5 Ra4 44. Nc3 a2 45. Nxa4 a1Q 46. Nb6 Qe5+ 47. Kh1 g5 48. Nd7 Qe6 49. Nc5 Qe1+ 50. Kh2 Qe5+ 51. g3 Qxc5 52. h4 g4 53. Kg2 Qc2+ 54. Kg1 f5 55. Kf1 f4 56. gxf4 g3 0-1

[Event "FISCA Online U14 op"]
[Site "Chess.com INT"]
[Date "2020.05.17"]
[Round "9"]
[White "Popescu Vava, Luca Delian"]
[Black "Dima, Ioan Radu"]
[Result "0-1"]
[WhiteElo "1067"]
[BlackElo "1486"]
[PlyCount "120"]
[EventDate "2020.05.09"]
[EventType "swiss"]
[EventRounds "9"]
[EventCountry "ROU"]
[SourceTitle "EXT 2021"]
[Source "ChessBase"]
[SourceDate "2020.10.23"]
[SourceVersion "1"]
[SourceVersionDate "2020.10.23"]
[SourceQuality "1"]

1. e4 e5 2. Nf3 Nc6 3. Nc3 Bc5 4. Bc4 Nf6 5. 0-0 0-0 6. d3 d6 7. Be3 Nd4 8. Bxd4 exd4 9. Ne2 Bg4 10. Nc1 a5 11. h3 Bh5 12. Qe2 c6 13. g4 b5 14. Bxb5 cxb5 15. gxh5 Nxh5 16. Nxd4 Nf4 17. Qg4 Bxd4 18. Qxf4 Bxb2 19. Rb1 Be5 20. Qg4 b4 21. Ne2 d5 22. f3 dxe4 23. fxe4 Qc8 24. Qxc8 Raxc8 25. Rfc1 Bc3 26. Nxc3 Rxc3 27. Rb3 Rfc8 28. Kf2 Rxc2+ 29. Rxc2 Rxc2+ 30. Kf3 Rxa2 31. Ke3 Kf8 32. d4 Ra3 33. Rd3 Rxd3+ 34. Kxd3 Ke7 35. d5 f5 36. exf5 Kd6 37. Kc4 b3 38. Kxb3 Kxd5 39. Ka4 Ke5 40. Kxa5 Kxf5 41. Kb4 Kf4 42. Kc3 Kg3 43. h4 Kxh4 44. Kd2 Kh3 45. Ke1 g5 46. Kf2 g4 47. Kg1 g3 48. Kh1 g2+ 49. Kg1 h5 50. Kf2 Kh2 51. Kf3 g1Q 52. Kf4 Qc5 53. Ke4 h4 54. Kf4 Qd5 55. Kg4 Qf7 56. Kxh4 Qg7 57. Kh5 Kg2 58. Kh4 Kf3 59. Kh5 Kf4 60. Kh4 Qg4# 0-1